期刊信息 |
| 索取号 |
G51/WGJY
|
| 题名 |
外国教育研究
|
| 作者 |
外国教育研究编辑部
|
| 分册号 |
|
| 分册名 |
|
| 出版地 |
吉林
|
| 出版者 |
外国教育研究编辑部
|
| 标准刊号 |
1006-7469
|
| 出版频率 |
月刊
|
| 中图法分类 |
G51
|
| 主题词 |
教育事业 世界
|
| 电子资源 | |
| |
|
| 000 | 00629nas0 2200217 45 | |
| 001 | 0552754062 | |
| 005 | 20070602173430.70 | |
| 010 | @d6.80 | |
| 011 | @a1006-7469@dCNY6.80(2006) | |
| 091 | @aCN22-1022/G4 | |
| 092 | @b12-102 | |
| 100 | @a20051129d km y0chiy0120 ea | |
| 101 | 0 | @achi |
| 200 | 1 | @a外国教育研究@AWai Guo Jiao Yu Yan Jiu@f外国教育研究编辑部@FWai Guo Jiao Yu Yan Jiu Bian Ji Bu |
| 210 | @a吉林@c外国教育研究编辑部 | |
| 326 | @a月刊 | |
| 606 | 0 | @a教育事业@x世界 |
| 690 | @aG51@v4 | |
| 711 | 0 | @a外国教育研究编辑部@AWai Guo Jiao Yu Yan Jiu Bian Ji Bu |
| 801 | 0 | @aCN@bPFT@c20070602 |
| 905 | @aTJWY@dG51@eWGJY | |
| 外国教育研究/外国教育研究编辑部.-吉林:外国教育研究编辑部 |
| 6.80 ISSN 1006-7469:CNY6.80(2006) |
| ● |
| 相关链接: |
|
|
|
|